[Event "Titled Tue 3rd Jun Early"]
[Site "chess.com INT"]
[Date "2025.06.03"]
[Round "1"]
[White "Cavanah, Troy"]
[Black "Slovineanu, Viacheslav"]
[Result "0-1"]
[BlackTitle "IM"]
[WhiteElo "2062"]
[BlackElo "2412"]
[WhiteFideId "30949670"]
[BlackFideId "13900510"]
[EventDate "2025.06.03"]

1. e4 c6 2. d4 d5 3. e5 Bf5 4. Nf3 e6 5. Be2 Nd7 6. O-O a6 7. Nbd2 h6 8. Nb3 c5
9. c4 dxc4 10. Bxc4 b5 11. Bd3 Bxd3 0-1

[Event "Titled Tue 3rd Jun Early"]
[Site "chess.com INT"]
[Date "2025.06.03"]
[Round "1"]
[White "Khumalo, Keith"]
[Black "Skytte, Robert"]
[Result "1-0"]
[WhiteTitle "CM"]
[BlackTitle "CM"]
[WhiteElo "2142"]
[BlackElo "2007"]
[WhiteFideId "14319470"]
[BlackFideId "1471775"]
[EventDate "2025.06.03"]

1. d4 d5 2. c4 e6 3. Nf3 Nf6 4. g3 Be7 5. Bg2 O-O 6. O-O dxc4 7. Qc2 b5 8. a4 c6
9. axb5 cxb5 10. Ng5 Nd5 11. Qxh7# 1-0

[Event "Titled Tue 3rd Jun Early"]
[Site "chess.com INT"]
[Date "2025.06.03"]
[Round "1"]
[White "Geivondian, Arman"]
[Black "Bauml, Broderick Kenneth"]
[Result "1-0"]
[WhiteTitle "FM"]
[WhiteElo "2297"]
[BlackElo "2089"]
[WhiteFideId "24102032"]
[BlackFideId "30972477"]
[EventDate "2025.06.03"]

1. e4 c5 2. Nf3 Nc6 3. d4 cxd4 4. Nxd4 g6 5. c4 Nf6 6. Nc3 d6 7. Be2 Nxd4 8.
Qxd4 Bg7 9. Be3 O-O 10. Qd3 Nd7 11. O-O Nc5 12. Qd2 Bxc3 13. Qxc3 Nxe4 14. Qd4
Nf6 15. Bf3 Qc7 16. Rfd1 Be6 17. Rac1 Nd7 18. Bh6 Ne5 19. Bd5 Rfc8 20. Bxe6 fxe6
21. f4 1-0

[Event "Titled Tue 3rd Jun Early"]
[Site "chess.com INT"]
[Date "2025.06.03"]
[Round "1"]
[White "Sonis, Francesco"]
[Black "Pacheco, Daniel"]
[Result "1-0"]
[WhiteTitle "GM"]
[BlackTitle "FM"]
[WhiteElo "2570"]
[BlackElo "2191"]
[WhiteFideId "895733"]
[BlackFideId "101680"]
[EventDate "2025.06.03"]

1. e4 e6 2. d3 d5 3. Nd2 Nf6 4. Ngf3 Bc5 5. e5 Nfd7 6. d4 Bb6 7. c3 Nc6 8. Bd3
f6 9. exf6 Qxf6 10. Nf1 O-O 11. Ne3 Kh8 12. O-O Qf7 13. Ng5 Qe7 14. Nxh7 Rf4 15.
Nxd5 exd5 16. Bxf4 Nf6 17. Nxf6 1-0

[Event "Titled Tue 3rd Jun Early"]
[Site "chess.com INT"]
[Date "2025.06.03"]
[Round "1"]
[White "Hovakimyan, Vache"]
[Black "Ishvi, Aggarwal"]
[Result "1-0"]
[WhiteTitle "FM"]
[BlackTitle "WCM"]
[WhiteElo "2282"]
[BlackElo "1954"]
[WhiteFideId "13317288"]
[BlackFideId "25728890"]
[EventDate "2025.06.03"]

1. e4 c5 2. Nf3 d6 3. d4 cxd4 4. Nxd4 Nf6 5. Nc3 a6 6. g3 g6 7. Bg2 Bg7 8. O-O
O-O 9. h3 e5 10. Nde2 h6 11. Be3 Be6 12. Qd2 Kh7 13. Rad1 Ne8 14. f4 Qc8 15. f5
gxf5 16. exf5 Bxf5 17. Rxf5 Kg8 18. g4 Qe6 19. Bxb7 1-0

[Event "Titled Tue 3rd Jun Early"]
[Site "chess.com INT"]
[Date "2025.06.03"]
[Round "1"]
[White "Hari, Madhavan N B"]
[Black "Di Nicolantonio, Lucas"]
[Result "0-1"]
[WhiteTitle "IM"]
[BlackTitle "IM"]
[WhiteElo "2386"]
[BlackElo "2413"]
[WhiteFideId "25054309"]
[BlackFideId "680460"]
[EventDate "2025.06.03"]

1. d4 g6 2. c4 Bg7 3. Nf3 d6 4. Nc3 e5 5. e4 Nc6 6. Be3 Bg4 7. d5 Nd4 8. Be2
Bxf3 9. Bxf3 c5 10. g3 h5 11. h4 Bh6 12. Bg2 Nf6 13. Bxd4 cxd4 14. Ne2 Qa5+ 15.
Kf1 Rc8 16. b3 b5 17. cxb5 Qxb5 18. Kg1 O-O 19. Kh2 Ng4+ 20. Kg1 d3 21. Nc1 Bxc1
22. Rxc1 Qb6 23. Rxc8 Qxf2# 0-1

[Event "Titled Tue 3rd Jun Early"]
[Site "chess.com INT"]
[Date "2025.06.03"]
[Round "1"]
[White "Chan, Kim Yew"]
[Black "Khandhadia, Nivaan Rathin"]
[Result "1-0"]
[WhiteTitle "FM"]
[BlackTitle "CM"]
[WhiteElo "2304"]
[BlackElo "2112"]
[WhiteFideId "5717981"]
[BlackFideId "25753274"]
[EventDate "2025.06.03"]

1. e4 c5 2. Nf3 d6 3. d4 cxd4 4. Nxd4 Nf6 5. Nc3 g6 6. Be3 Bg7 7. Be2 O-O 8. O-O
a6 9. a4 b6 10. f4 Bb7 11. Bf3 Nc6 12. e5 Nxd4 13. Bxb7 Rb8 14. exf6 Bxf6 15.
Bxd4 Rxb7 16. Bxf6 exf6 17. Nd5 Re8 18. Qd4 Kg7 19. Rae1 Re6 20. f5 Re5 21. fxg6
fxg6 22. Nxf6 Qxf6 23. Rxf6 Rxe1+ 24. Rf1+ Re5 25. Qxd6 1-0

[Event "Titled Tue 3rd Jun Early"]
[Site "chess.com INT"]
[Date "2025.06.03"]
[Round "1"]
[White "Sapocinic, Semion"]
[Black "Rodriguez Polo, Mateo"]
[Result "1-0"]
[WhiteTitle "FM"]
[BlackTitle "CM"]
[WhiteElo "2309"]
[BlackElo "2219"]
[WhiteFideId "13908693"]
[BlackFideId "24509396"]
[EventDate "2025.06.03"]

1. d4 d5 2. c4 e6 3. Nf3 Nf6 4. Nc3 Be7 5. Bf4 O-O 6. e3 b6 7. Bd3 Bb7 8. O-O
dxc4 9. Bxc4 c5 10. Ne5 Nc6 11. Bb3 cxd4 12. Nxc6 Bxc6 13. exd4 Nd5 14. Bg3 Nxc3
15. bxc3 Rc8 16. Rc1 Be4 17. Qe2 Bg6 18. Qd2 Qd7 19. c4 Rfd8 20. Rcd1 Bf6 21. d5
exd5 22. cxd5 Bc3 23. Qf4 Bb4 24. Qxb4 1-0

[Event "Titled Tue 3rd Jun Early"]
[Site "chess.com INT"]
[Date "2025.06.03"]
[Round "1"]
[White "Manon-og, Ramon Jr."]
[Black "Injac, Teodora"]
[Result "0-1"]
[BlackTitle "IM"]
[WhiteElo "1913"]
[BlackElo "2474"]
[WhiteFideId "5200776"]
[BlackFideId "932400"]
[EventDate "2025.06.03"]

1. e4 e5 2. Nc3 Nf6 3. Bc4 Nc6 4. d3 Bb4 5. Ne2 d5 6. exd5 Nxd5 7. O-O Be6 8. a3
Bxc3 9. bxc3 Qd7 10. Rb1 Nb6 11. Bb5 a6 12. Bxc6 Qxc6 13. Be3 Nd5 14. Bg5 f6 15.
Bd2 O-O-O 16. c4 Ne7 17. Qc1 h5 18. Nc3 h4 19. h3 g5 20. Ne4 g4 21. hxg4 Bxg4
22. Be3 h3 23. Ba7 Rdg8 24. g3 h2+ 25. Kh1 Bf3# 0-1

[Event "Titled Tue 3rd Jun Early"]
[Site "chess.com INT"]
[Date "2025.06.03"]
[Round "1"]
[White "Rohit, S"]
[Black "Gu, Xiaobing"]
[Result "1-0"]
[WhiteTitle "FM"]
[BlackTitle "WGM"]
[WhiteElo "2241"]
[BlackElo "2148"]
[WhiteFideId "46633847"]
[BlackFideId "8602611"]
[EventDate "2025.06.03"]

1. e4 c5 2. Nf3 d6 3. c3 Nf6 4. Bd3 Nbd7 5. O-O b6 6. Re1 Bb7 7. Bc2 e5 8. d4
cxd4 9. cxd4 Be7 10. Nc3 O-O 11. b4 a5 12. b5 Rc8 13. Bd2 Re8 14. Rc1 Bf8 15. d5
Nc5 16. Na4 g6 17. Nxc5 dxc5 18. Bg5 Bg7 19. Nd2 h6 20. Bh4 Qd7 21. Nc4 Qxb5 22.
Ba4 1-0

[Event "Titled Tue 3rd Jun Early"]
[Site "chess.com INT"]
[Date "2025.06.03"]
[Round "1"]
[White "Vokhidov, Shamsiddin"]
[Black "Luong Phuong Hanh"]
[Result "1-0"]
[WhiteTitle "GM"]
[BlackTitle "WIM"]
[WhiteElo "2641"]
[BlackElo "2144"]
[WhiteFideId "14204223"]
[BlackFideId "12401013"]
[EventDate "2025.06.03"]

1. e4 c5 2. Nf3 e6 3. c3 Nf6 4. e5 Nd5 5. a3 d6 6. d4 cxd4 7. c4 dxe5 8. cxd5
Qxd5 9. Qc2 Nc6 10. Bc4 Qd8 11. Bb5 Bd6 12. O-O O-O 13. Re1 Qc7 14. Nbd2 f5 15.
Bxc6 bxc6 16. Nc4 e4 17. Nxd6 Qxd6 18. Nd2 Ba6 19. b4 Rac8 20. Nb3 e5 21. Nc5
Bd3 22. Nxd3 exd3 23. Qxd3 c5 24. bxc5 Rxc5 25. Bd2 e4 26. Qb3+ Kh8 27. Bb4 Qb6
28. Qh3 1-0

[Event "Titled Tue 3rd Jun Early"]
[Site "chess.com INT"]
[Date "2025.06.03"]
[Round "1"]
[White "Le, Minh Tu"]
[Black "Tatarinov, Dmitry"]
[Result "0-1"]
[WhiteTitle "FM"]
[BlackTitle "FM"]
[WhiteElo "1932"]
[BlackElo "2344"]
[WhiteFideId "12404888"]
[BlackFideId "24160067"]
[EventDate "2025.06.03"]

1. d4 Nf6 2. Bf4 d6 3. e3 Nc6 4. Nf3 Nh5 5. Bg5 h6 6. Bh4 g5 7. Nfd2 Ng7 8. Bg3
Nf5 9. Bd3 Nxg3 10. hxg3 Bg7 11. c3 e6 12. Na3 Bd7 13. Nc2 Qe7 14. O-O h5 15. b4
g4 16. b5 Nd8 17. e4 e5 18. dxe5 Bxe5 19. Nd4 h4 20. Nf5 Bxf5 21. exf5 hxg3 22.
fxg3 Bxg3 23. Qxg4 Qe3+ 0-1

[Event "Titled Tue 3rd Jun Early"]
[Site "chess.com INT"]
[Date "2025.06.03"]
[Round "1"]
[White "Terlouw, Wouter"]
[Black "Tan, Zhongyi"]
[Result "0-1"]
[WhiteTitle "CM"]
[BlackTitle "GM"]
[WhiteElo "2227"]
[BlackElo "2536"]
[WhiteFideId "1087401"]
[BlackFideId "8603642"]
[EventDate "2025.06.03"]

1. e4 e5 2. Nf3 Nc6 3. Bb5 a6 4. Ba4 Nf6 5. O-O Be7 6. Re1 b5 7. Bb3 O-O 8. c3
d5 9. exd5 Nxd5 10. Nxe5 Nxe5 11. Rxe5 c6 12. d4 Bd6 13. Re1 Qh4 14. g3 Qh3 15.
Qe2 Bg4 16. Qf1 Qh5 17. Nd2 Rae8 18. h4 Nf4 19. gxf4 Qxh4 20. Ne4 Rxe4 21. Rxe4
Bf3 22. Qg2 Bxg2 23. Kxg2 Qg4+ 24. Kf1 Qf3 25. Re3 Qh1+ 26. Ke2 Bxf4 27. Rf3
Bxc1 0-1

[Event "Titled Tue 3rd Jun Early"]
[Site "chess.com INT"]
[Date "2025.06.03"]
[Round "1"]
[White "Oleksiyenko, Mykhaylo"]
[Black "Karimova, Guldona"]
[Result "1-0"]
[WhiteTitle "GM"]
[BlackTitle "WIM"]
[WhiteElo "2569"]
[BlackElo "2265"]
[WhiteFideId "4152417"]
[BlackFideId "14210410"]
[EventDate "2025.06.03"]

1. e4 c5 2. Nf3 e6 3. d4 cxd4 4. Nxd4 Nf6 5. Nc3 Nc6 6. Ndb5 Bb4 7. a3 Bxc3+ 8.
Nxc3 d5 9. Bd3 O-O 10. O-O dxe4 11. Nxe4 Nxe4 12. Bxe4 f5 13. Bxc6 bxc6 14. Bf4
Qd5 15. Qe2 c5 16. Rad1 Qb7 17. c4 a5 18. Bd6 Re8 19. Bxc5 Qc6 20. Qe5 Bb7 21.
f3 Rac8 22. b4 axb4 23. axb4 Ra8 24. Rd6 Qc8 25. Rfd1 Bc6 26. b5 Bb7 27. Rd7 1-0

[Event "Titled Tue 3rd Jun Early"]
[Site "chess.com INT"]
[Date "2025.06.03"]
[Round "1"]
[White "Noy, Eyal"]
[Black "Popov, Tikhon"]
[Result "0-1"]
[WhiteTitle "FM"]
[BlackTitle "CM"]
[WhiteElo "2346"]
[BlackElo "2173"]
[WhiteFideId "2821117"]
[BlackFideId "24252026"]
[EventDate "2025.06.03"]

1. e4 c6 2. c4 d5 3. cxd5 cxd5 4. exd5 Nf6 5. Qa4+ Nbd7 6. Nc3 g6 7. g3 Bg7 8.
Bg2 O-O 9. Nge2 Nb6 10. Qb3 Bf5 11. Nf4 g5 12. Nfe2 Bd3 13. O-O h6 14. Re1 Rc8
15. Nd4 Bc4 16. Qd1 Nbxd5 17. Nf5 Bd3 18. Nxg7 Kxg7 19. Qf3 Nb4 20. Re3 Bg6 21.
Re5 Nc2 22. Rb1 Nd4 23. Qd1 Bxb1 24. Nxb1 Qc7 25. Re1 Qxc1 26. Qxc1 Rxc1 27.
Rxc1 Ne2+ 0-1

[Event "Titled Tue 3rd Jun Early"]
[Site "chess.com INT"]
[Date "2025.06.03"]
[Round "1"]
[White "Ilinca, Felix-Antonio"]
[Black "Mayaud, Raphael"]
[Result "1-0"]
[WhiteTitle "IM"]
[BlackTitle "CM"]
[WhiteElo "2420"]
[BlackElo "2126"]
[WhiteFideId "54764998"]
[BlackFideId "627151"]
[EventDate "2025.06.03"]

1. d4 d5 2. Nc3 c6 3. Bf4 Nf6 4. e3 Bf5 5. f3 e6 6. g4 Bg6 7. h4 h5 8. g5 Nfd7
9. Bd3 Bxd3 10. Qxd3 g6 11. Nge2 Bg7 12. Bd6 Nb6 13. Be5 Bxe5 14. dxe5 N8d7 15.
f4 O-O 16. O-O-O Kg7 17. Ng3 Rh8 18. e4 Nc5 19. Qe3 Nca4 20. f5 Nxc3 21. Qxc3
Qc7 22. Rhf1 Rad8 23. fxe6 fxe6 24. Rf6 Rhe8 25. Rdf1 Re7 26. Qf3 dxe4 27. Nxh5+
gxh5 28. Qxh5 Qxe5 29. Rg6# 1-0

[Event "Titled Tue 3rd Jun Early"]
[Site "chess.com INT"]
[Date "2025.06.03"]
[Round "1"]
[White "Rees, Ioan"]
[Black "Shankland, Sam"]
[Result "0-1"]
[WhiteTitle "FM"]
[BlackTitle "GM"]
[WhiteElo "2288"]
[BlackElo "2666"]
[WhiteFideId "1801236"]
[BlackFideId "2004887"]
[EventDate "2025.06.03"]

1. Nf3 d5 2. g3 g6 3. Bg2 Bg7 4. O-O e5 5. d3 Nc6 6. Nc3 d4 7. Ne4 h6 8. c3 Nge7
9. cxd4 exd4 10. Qa4 a5 11. b4 b5 12. Qxb5 axb4 13. a3 Ra5 14. Qc4 Be6 15. Qc2
b3 16. Qb2 O-O 17. Bd2 Ra7 18. Rfc1 Bd5 19. Rc5 f5 20. Ne1 fxe4 21. dxe4 Bf7 22.
Nd3 Qd7 23. Rac1 Rfa8 24. Nb4 Rxa3 25. Nxc6 Nxc6 26. Rxc6 Ra2 27. Qb1 Rxd2 28.
e5 b2 29. Rxc7 Qxc7 30. Rxc7 Ra1 31. Rc8+ Kh7 32. Be4 Rxb1+ 33. Bxb1 Rd1+ 34.
Kg2 Rxb1 35. Rc7 Bd5+ 0-1

[Event "Titled Tue 3rd Jun Early"]
[Site "chess.com INT"]
[Date "2025.06.03"]
[Round "1"]
[White "Madaminov, Mukhiddin"]
[Black "Pribelszky, Bence"]
[Result "1-0"]
[WhiteTitle "GM"]
[BlackTitle "IM"]
[WhiteElo "2520"]
[BlackElo "2400"]
[WhiteFideId "14210703"]
[BlackFideId "769738"]
[EventDate "2025.06.03"]

1. e4 d6 2. d4 Nf6 3. Nc3 e5 4. dxe5 dxe5 5. Qxd8+ Kxd8 6. Bc4 Be6 7. Bxe6 fxe6
8. f3 Nc6 9. Be3 Nd4 10. O-O-O c5 11. Nb1 Kc7 12. c3 Nc6 13. Nh3 h6 14. a4 g5
15. Kc2 Nh5 16. Nf2 Be7 17. Na3 a6 18. Nd3 b6 19. Nc4 Nf4 20. Ndxe5 Nxg2 21.
Rd7+ Kc8 22. Nxb6+ Kb8 23. Nxc6# 1-0

[Event "Titled Tue 3rd Jun Early"]
[Site "chess.com INT"]
[Date "2025.06.03"]
[Round "1"]
[White "Paravyan, David"]
[Black "Estrada Nieto, Julian"]
[Result "1-0"]
[WhiteTitle "GM"]
[BlackTitle "IM"]
[WhiteElo "2596"]
[BlackElo "2173"]
[WhiteFideId "4194985"]
[BlackFideId "5101018"]
[EventDate "2025.06.03"]

1. d4 d5 2. c4 dxc4 3. e4 e5 4. Nf3 exd4 5. Bxc4 Nc6 6. O-O Be6 7. Nbd2 Qf6 8.
Qa4 O-O-O 9. Rd1 Bc5 10. Nb3 Bb6 11. Bg5 Qg6 12. Bxe6+ fxe6 13. Bxd8 Kxd8 14.
Nbxd4 Nxd4 15. Rxd4+ Bxd4 16. Qxd4+ Kc8 17. Qxa7 c6 18. Rd1 Kc7 19. Qa5+ 1-0

[Event "Titled Tue 3rd Jun Early"]
[Site "chess.com INT"]
[Date "2025.06.03"]
[Round "1"]
[White "Ramu, K."]
[Black "Van Roon, Sjoerd"]
[Result "0-1"]
[WhiteTitle "FM"]
[BlackTitle "FM"]
[WhiteElo "2151"]
[BlackElo "2258"]
[WhiteFideId "5006171"]
[BlackFideId "1051075"]
[EventDate "2025.06.03"]

1. e4 c5 2. Nf3 Nc6 3. d4 cxd4 4. Nxd4 Nf6 5. Nc3 e5 6. Ndb5 d6 7. a4 a6 8. Na3
Be7 9. g3 O-O 10. Bg2 Bg4 11. Qd2 Rc8 12. h3 Be6 13. O-O Nd4 14. Qd1 Qd7 15. Kh2
b5 16. axb5 axb5 17. Ne2 b4 18. Nxd4 exd4 19. Nb1 d5 20. e5 Ne4 21. Nd2 Nxd2 22.
Qxd2 Rfd8 23. Qxd4 Rxc2 24. Ra7 Qe8 25. Rb7 Bc5 26. Qf4 Qc6 27. Rxb4 Bxb4 28.
Qxb4 Rxc1 29. Rxc1 Qxc1 30. Qe7 Qc8 31. f4 d4 32. Be4 d3 33. Qh4 d2 34. Qxh7+
Kf8 35. Qh8+ Ke7 36. Qh4+ Kd7 37. Bf3 Qc5 38. Kg2 Bd5 39. e6+ fxe6 40. Qg5 Bxf3+
41. Kxf3 Qxg5 0-1

[Event "Titled Tue 3rd Jun Early"]
[Site "chess.com INT"]
[Date "2025.06.03"]
[Round "1"]
[White "Antoniou, Rafail"]
[Black "Martel Bruniaux, Malko"]
[Result "1-0"]
[WhiteTitle "CM"]
[BlackTitle "CM"]
[WhiteElo "2134"]
[BlackElo "2161"]
[WhiteFideId "5904390"]
[BlackFideId "24560871"]
[EventDate "2025.06.03"]

1. e4 g6 2. Nf3 Bg7 3. Nc3 c6 4. d4 d5 5. h3 dxe4 6. Nxe4 Nf6 7. Nxf6+ exf6 8.
Be2 O-O 9. O-O Nd7 10. c4 Re8 11. Re1 Nf8 12. Be3 Bf5 13. Qb3 Qc7 14. d5 Nd7 15.
Nd4 Be4 16. Rad1 Nc5 17. Qa3 cxd5 18. cxd5 Bf8 19. d6 Qxd6 20. Nb3 Nxb3 21. Rxd6
Rad8 22. Rxd8 Rxd8 23. Qxb3 1-0

[Event "Titled Tue 3rd Jun Early"]
[Site "chess.com INT"]
[Date "2025.06.03"]
[Round "1"]
[White "Mora Munoz, Alejandro"]
[Black "Janukshan, B"]
[Result "1-0"]
[WhiteTitle "FM"]
[BlackTitle "CM"]
[WhiteElo "2147"]
[BlackElo "1967"]
[WhiteFideId "4469844"]
[BlackFideId "29945399"]
[EventDate "2025.06.03"]

1. e4 c6 2. Nc3 d5 3. Nf3 dxe4 4. Nxe4 Nf6 5. Qe2 e6 6. d4 Be7 7. Bf4 Nbd7 8.
Nd6+ Bxd6 9. Bxd6 Nb6 10. Ba3 Nfd5 11. c4 Nf6 12. g3 Nbd7 13. Bg2 Qa5+ 14. Nd2
Nb6 15. O-O Bd7 16. Nb3 Qf5 17. Bd6 a5 18. Nc5 O-O-O 19. Rfc1 Rhe8 20. Qd2 Ng4
21. h3 1-0

[Event "Titled Tue 3rd Jun Early"]
[Site "chess.com INT"]
[Date "2025.06.03"]
[Round "1"]
[White "Huseynova, Dinara"]
[Black "Rodriguez, Santiago"]
[Result "0-1"]
[WhiteTitle "WCM"]
[BlackTitle "CM"]
[WhiteElo "1822"]
[BlackElo "2252"]
[WhiteFideId "13437313"]
[BlackFideId "3000591"]
[EventDate "2025.06.03"]

1. d4 Nf6 2. e3 e6 3. Bd3 d5 4. Nd2 c5 5. c3 Nc6 6. f4 Qc7 7. Ngf3 cxd4 8. cxd4
Bd7 9. a3 Rc8 10. O-O Na5 11. Ne5 a6 12. b4 Nc6 13. Bb2 Ne7 14. Rc1 Qb8 15.
Rxc8+ Qxc8 16. Qc1 Bb5 17. Qxc8+ Nxc8 18. Bxb5+ axb5 19. Rc1 Nd6 20. Rc7 Be7 21.
Nb3 Bd8 22. Rc5 Nfe4 23. Rc1 Nc4 24. Ba1 f6 25. Nd3 b6 26. Nf2 Ned6 27. Kf1
Nxe3+ 28. Kg1 Nec4 29. Kf1 Nxa3 30. Rc6 Nac4 31. Ke2 Kd7 0-1

[Event "Titled Tue 3rd Jun Early"]
[Site "chess.com INT"]
[Date "2025.06.03"]
[Round "1"]
[White "Krishna, C R G"]
[Black "Zaw, Ye Htut"]
[Result "1-0"]
[WhiteTitle "IM"]
[BlackTitle "CM"]
[WhiteElo "2453"]
[BlackElo "2180"]
[WhiteFideId "5018625"]
[BlackFideId "13013955"]
[EventDate "2025.06.03"]

1. Nf3 d5 2. e3 e6 3. c4 f5 4. Nc3 c6 5. b3 Nf6 6. Bb2 Bd6 7. g3 O-O 8. Bg2 Ne4
9. O-O Nd7 10. d3 Nxc3 11. Bxc3 Nf6 12. Qc2 b6 13. Nd4 Bd7 14. Nf3 Rc8 15. Rad1
Qc7 16. Qb2 Rce8 17. Ne5 Qd8 18. Rfe1 Qe7 19. e4 fxe4 20. dxe4 dxe4 21. Nxd7
Nxd7 22. Qd2 Bc5 23. Qxd7 Rxf2 24. Kh1 Qxd7 25. Rxd7 e5 26. Bxe4 Rxa2 27. Bxc6
Rf8 28. Bxe5 1-0

[Event "Titled Tue 3rd Jun Early"]
[Site "chess.com INT"]
[Date "2025.06.03"]
[Round "1"]
[White "Tovmasian, Vardges"]
[Black "Efimov, Leonid"]
[Result "0-1"]
[WhiteTitle "IM"]
[BlackTitle "FM"]
[WhiteElo "2352"]
[BlackElo "2260"]
[WhiteFideId "13302736"]
[BlackFideId "54165725"]
[EventDate "2025.06.03"]

1. e4 c5 2. Nf3 Nc6 3. d4 cxd4 4. Nxd4 Nf6 5. Nc3 h5 6. Nxc6 bxc6 7. e5 Ng4 8.
Bf4 Qa5 9. Qe2 Rb8 10. e6 Rxb2 11. exf7+ Kxf7 12. Qc4+ e6 13. Bd2 d5 14. Qxc6
Bb4 15. Rd1 Rxc2 16. Nb1 Rxc6 0-1

[Event "Titled Tue 3rd Jun Early"]
[Site "chess.com INT"]
[Date "2025.06.03"]
[Round "1"]
[White "Gutierrez Carmona, Juan Alejandro"]
[Black "Malka, Samuel"]
[Result "0-1"]
[WhiteTitle "FM"]
[BlackTitle "FM"]
[WhiteElo "2036"]
[BlackElo "2228"]
[WhiteFideId "5106770"]
[BlackFideId "20643675"]
[EventDate "2025.06.03"]

1. e4 c5 2. Nf3 Nc6 3. Bb5 d6 4. Bxc6+ bxc6 5. O-O e5 6. Re1 Bg4 7. h3 Bxf3 8.
Qxf3 Nf6 9. c3 Be7 10. d4 cxd4 11. cxd4 exd4 12. e5 dxe5 13. Qxc6+ Nd7 14. Rxe5
O-O 15. Re1 Bf6 16. Nd2 Ne5 17. Qe4 Re8 18. Nb3 Nc4 19. Qxe8+ Qxe8 20. Rxe8+
Rxe8 21. Kf1 d3 22. Nd2 Na3 23. f3 Bd4 24. Nb3 Nc2 25. Rb1 Re1# 0-1

[Event "Titled Tue 3rd Jun Early"]
[Site "chess.com INT"]
[Date "2025.06.03"]
[Round "1"]
[White "Hernandez Izquierdo, Jose A."]
[Black "Priasmoro, Novendra"]
[Result "1-0"]
[WhiteTitle "IM"]
[BlackTitle "GM"]
[WhiteElo "2223"]
[BlackElo "2437"]
[WhiteFideId "3527263"]
[BlackFideId "7105029"]
[EventDate "2025.06.03"]

1. e4 e5 2. Nf3 Nc6 3. Bb5 a6 4. Ba4 Nf6 5. d3 b5 6. Bb3 Be7 7. a4 Rb8 8. axb5
axb5 9. O-O O-O 10. Nc3 d6 11. Bg5 Bg4 12. Be3 Nd4 13. Bxd4 exd4 14. Nd5 c6 15.
Nxe7+ Qxe7 16. h3 Bxf3 17. Qxf3 Ra8 18. e5 dxe5 19. Qxc6 b4 20. Rxa8 h5 21.
Rxf8+ Qxf8 22. Ra1 Kh7 23. Qc7 e4 24. dxe4 Nxe4 25. Qxf7 Qc5 26. Ra6 Nd6 27.
Rxd6 Qxd6 28. Qxh5+ Qh6 29. Qxh6+ Kxh6 30. f4 Kg6 31. g4 d3 32. cxd3 Kf6 33. Kf2
g5 34. Kf3 gxf4 35. Kxf4 Kg6 36. g5 Kh5 37. Be6 Kh4 38. g6 Kh5 39. g7 Kh6 40.
g8=Q Kh5 41. Qg5# 1-0

[Event "Titled Tue 3rd Jun Early"]
[Site "chess.com INT"]
[Date "2025.06.03"]
[Round "1"]
[White "Perry, Patrick"]
[Black "Daulet, Alikhan"]
[Result "0-1"]
[BlackTitle "CM"]
[WhiteElo "2296"]
[BlackElo "2100"]
[WhiteFideId "30917727"]
[BlackFideId "13741632"]
[EventDate "2025.06.03"]

1. e4 c5 2. d4 cxd4 3. Nf3 Nc6 4. Nxd4 Nf6 5. Nc3 e5 6. Ndb5 d6 7. Bg5 a6 8. Na3
b5 9. Bxf6 gxf6 10. Nd5 f5 11. c3 Bg7 12. Bd3 fxe4 13. Bxe4 O-O 14. Qh5 f5 15.
Nf6+ Qxf6 16. Bxc6 Ra7 17. Nc2 Qg6 18. Bd5+ Kh8 19. Qxg6 hxg6 20. O-O a5 21. a4
Bd7 22. Rfd1 bxa4 23. Na3 Rb8 24. Nc4 Bf8 25. Rd2 Kg7 26. h4 Kf6 27. g3 Rb5 28.
Bg2 Ra6 29. Ne3 Rc5 30. Nd5+ Kg7 31. Bf1 Ra7 32. Bg2 Bc6 33. Rad1 Rb7 34. Ra1
Kf7 35. Rad1 Bh6 36. Re2 e4 37. f4 Rxd5 0-1

[Event "Titled Tue 3rd Jun Early"]
[Site "chess.com INT"]
[Date "2025.06.03"]
[Round "1"]
[White "Negrean, Andrei"]
[Black "Levitan, Judah Nathan"]
[Result "1-0"]
[WhiteTitle "FM"]
[BlackTitle "CM"]
[WhiteElo "2336"]
[BlackElo "2127"]
[WhiteFideId "1291513"]
[BlackFideId "14332639"]
[EventDate "2025.06.03"]

1. e4 c5 2. Nf3 e6 3. b3 d5 4. exd5 exd5 5. Bb5+ Nc6 6. O-O Nf6 7. Bb2 Be7 8. d4
O-O 9. dxc5 Bxc5 10. Nbd2 a6 11. Be2 h6 12. a3 Be6 13. b4 Bb6 14. Nb3 a5 15. b5
Ne7 16. Bxf6 gxf6 17. Nbd4 Ng6 18. Qd2 Kh7 19. Rad1 Bc7 20. g3 Qd6 21. Bd3 Bh3
22. Nf5 Bxf5 23. Bxf5 Qxa3 24. Qxd5 Rad8 25. Qxb7 Rxd1 26. Rxd1 Kg7 27. Bxg6 Rb8
28. Qxc7 1-0

[Event "Titled Tue 3rd Jun Early"]
[Site "chess.com INT"]
[Date "2025.06.03"]
[Round "1"]
[White "La Villa Rivas, Marlon Javier"]
[Black "Tica, Sven"]
[Result "1-0"]
[WhiteTitle "FM"]
[BlackTitle "IM"]
[WhiteElo "2284"]
[BlackElo "2429"]
[WhiteFideId "3519546"]
[BlackFideId "14526948"]
[EventDate "2025.06.03"]

1. e4 g6 2. d4 Bg7 3. Nc3 c6 4. Nf3 d5 5. h3 dxe4 6. Nxe4 Nf6 7. Nxf6+ exf6 8.
Bd3 O-O 9. O-O a6 10. a4 a5 11. c3 Na6 12. Bf4 Nc7 13. Qd2 Be6 14. Rfe1 Qd7 15.
Bc2 Rfe8 16. Rad1 Rad8 17. Nh2 Nd5 18. Bg3 f5 19. Nf1 f6 20. h4 h5 21. Ne3 Bf7
22. Nc4 Kh7 23. Nd6 Rxe1+ 24. Rxe1 Bg8 25. c4 Nb4 26. c5 Bd5 27. Bb1 Bf8 28. Qe2
Bg8 29. Bxf5 Qg7 30. Qxh5+ Qh6 31. Bxg6+ Kg7 32. Nf5+ 1-0